| 000 | 02653cam a2200313 i 4500 | ||
|---|---|---|---|
| 001 | a40229717 | ||
| 003 | SIRSI | ||
| 005 | 20250514093828.0 | ||
| 008 | 211012t20222022enkad b 001 0 eng d | ||
| 020 | _a9781009010894 | ||
| 035 |
_a(OCoLC)1274199318 _z(OCoLC)1275357070 |
||
| 040 |
_aYDX _beng _erda _cYDX _dUKMGB _dOCLCO _dOCLCF _dS#L _dZPX _dCDX _dBDX _dOCL _dHF9 _dZ83 _dGSU _dUtOrBLW |
||
| 041 | _aeng | ||
| 050 | 4 |
_aRM666.C266 _bC47 2022 |
|
| 100 |
_aCermak, Timmen L. _eauthor _925226 |
||
| 245 | 1 | 0 |
_aMarijuana on my mind _b: the science and mystique of cannabis _c/ Timmen L. Cermak, MD. |
| 260 |
_aCambridge : _bCambridge University Press, _c2022. |
||
| 300 |
_axvii, 322 pages : _billustrations, charts ; _c20 cm. |
||
| 504 | _aIncludes bibliographical references (pages 308-312) and index. | ||
| 505 | 0 | _aThe science and mystique of cannabis — The plant, its history, and its products — The brain and its natural cannabinoid chemistry — The plant's impact on the brain and experience — Putting cannabis in perspective — Cannabis culture and spirituality — Medical cannabis, part I: cannabinoids with strong scientific evidence — Medical cannabis, part II: cannabinoids with preliminary scientific evidence — Medical cannabis, part III: CBD facts, fads, and possibilities — When cannabinoid receptors disappear — When addiction hijacks the brain's reward system — Adolescents and cannabis — Further consequences of using cannabis too frequently — Treatment and recovery — Public health and politics — Epilogue: The future of cannabis. | |
| 520 | _aMarijuana is on everyone's mind. Why do so many people enjoy it? What is it doing in our brains? Is it safe for everyone to use? What should we be telling our children? What are the benefits of medical marijuana? How does CBD live up to its hype? Does marijuana have spiritual power? And with so much conflicting information out there, how do we begin to make up our own minds about cannabis? Marijuana On My Mind is for anyone who has ever experienced the mystique of cannabis or wondered exactly how cannabis works. With over 40 years of clinical experience, Dr Timmen Cermak uses science to make sense of the endless debate between advocates and opponents of cannabis and provides answers to some of the greatest mysteries surrounding marijuana. | ||
| 650 | 0 |
_aMarijuana _925227 |
|
| 650 | 0 |
_aMarijuana _xTherapeutic use _925228 |
|
| 650 | 0 |
_aMarijuana _xPsychological aspects _925229 |
|
| 650 | 0 |
_aMarijuana _xPhysiological effect _925230 |
|
| 650 | 0 |
_aMarijuana _xSocial aspects _925231 |
|
| 650 | 0 |
_aCannabis _0https://id.nlm.nih.gov/mesh/D002188 _925232 |
|
| 942 | _2lcc | ||
| 999 |
_c4661 _d4661 |
||